<?xml version="1.0" encoding="UTF-8"?>
<record
    xmlns:xsi="http://www.w3.org/2001/XMLSchema-instance"
    xsi:schemaLocation="http://www.loc.gov/MARC21/slim http://www.loc.gov/standards/marcxml/schema/MARC21slim.xsd"
    xmlns="http://www.loc.gov/MARC21/slim">

  <leader>02146nab a2200313 i 4500</leader>
  <controlfield tag="003">BR-BrBNA</controlfield>
  <controlfield tag="005">20260428113433.0</controlfield>
  <controlfield tag="008">260428b2019    bl.qr|pooa||| 00| 0 eng |</controlfield>
  <datafield tag="040" ind1=" " ind2=" ">
    <subfield code="a">BR-BrBNA</subfield>
    <subfield code="b">eng</subfield>
  </datafield>
  <datafield tag="072" ind1=" " ind2=" ">
    <subfield code="a">K10</subfield>
  </datafield>
  <datafield tag="072" ind1=" " ind2=" ">
    <subfield code="a">U10</subfield>
  </datafield>
  <datafield tag="100" ind1=" " ind2=" ">
    <subfield code="a">Silva, Jeferson Pereira Martins</subfield>
  </datafield>
  <datafield tag="100" ind1=" " ind2=" ">
    <subfield code="a">Fernandes, M&#xE1;rcia Rodrigues de Moura </subfield>
  </datafield>
  <datafield tag="100" ind1=" " ind2=" ">
    <subfield code="a">Gon&#xE7;alves, Anny Francielly Ataide </subfield>
  </datafield>
  <datafield tag="100" ind1=" " ind2=" ">
    <subfield code="a">Lopes, Is&#xE1;ira Leite e </subfield>
  </datafield>
  <datafield tag="100" ind1=" " ind2=" ">
    <subfield code="a">Silva, Gilson Fernandes da </subfield>
  </datafield>
  <datafield tag="100" ind1=" " ind2=" ">
    <subfield code="a">Cabacinha, Christian Dias </subfield>
  </datafield>
  <datafield tag="245" ind1=" " ind2=" ">
    <subfield code="a">Estimation of the Basic Wood Density of Native Species Using Mixed Linear Models</subfield>
  </datafield>
  <datafield tag="500" ind1=" " ind2=" ">
    <subfield code="a">Publica&#xE7;&#xE3;o on-line; 49 ref.; 7 tables; 2 illus.; Summary (En)</subfield>
  </datafield>
  <datafield tag="520" ind1=" " ind2=" ">
    <subfield code="a">

ABSTRACT

This paper aimed to estimate the basic density (DB) of the wood of Cerrado species using mixed
linear models. For performing the DBH measurement, the sampling of 334 individuals was
carried out. By keeping the Pilodyn apparatus in the DBH position, two measurements were
made on opposite sides. Further, for determining DB, the trees were knocked down, followed
by removal of five wood discs at different height of stem positions. For this purpose, two sets
of modeling alternatives were proposed, which take into account with and without random
effects, employing species as a random effect grouping variable. Thus, it was elucidated that,
for the estimation of DB, the mixed model that considered the random effects performed better
as compared to the alternative model without random effects. The inclusion of random effects
leads to the estimation of DB with high accuracy.

Keywords: Cerrado stricto sensu, wood quality, regression.</subfield>
  </datafield>
  <datafield tag="650" ind1=" " ind2=" ">
    <subfield code="a">CERRADO</subfield>
  </datafield>
  <datafield tag="650" ind1=" " ind2=" ">
    <subfield code="a">MADEIRA</subfield>
  </datafield>
  <datafield tag="650" ind1=" " ind2=" ">
    <subfield code="a">QUALIDADE</subfield>
  </datafield>
  <datafield tag="650" ind1=" " ind2=" ">
    <subfield code="a">REGRESS&#xC3;O LINEAR</subfield>
  </datafield>
  <datafield tag="773" ind1="0" ind2=" ">
    <subfield code="0">2929</subfield>
    <subfield code="9">347954</subfield>
    <subfield code="d">Rio de Janeiro-RJ Instituto de Florestas - UFRRJ 1994</subfield>
    <subfield code="o">2025-0453</subfield>
    <subfield code="t">Floresta e Ambiente (Brazil)</subfield>
    <subfield code="x">1415-0980  /  ISSN 2179-8087 0nline</subfield>
    <subfield code="g">v. 26(special number n.1) p. 1-10; (2019)</subfield>
    <subfield code="w">BR2026001306</subfield>
  </datafield>
  <datafield tag="856" ind1=" " ind2=" ">
    <subfield code="u">https://www.scielo.br/j/floram/a/X54hzCKyFFxL9s7yDH34rMm/?format=pdf&amp;lang=en</subfield>
  </datafield>
  <datafield tag="942" ind1=" " ind2=" ">
    <subfield code="c">ANA</subfield>
  </datafield>
  <datafield tag="999" ind1=" " ind2=" ">
    <subfield code="c">341596</subfield>
    <subfield code="d">341596</subfield>
  </datafield>
</record>
